MARC

LEADER 00000naa0a2200000 4500
001 648193
005 20250908094004.0
035 |a (RuTPU)RU\TPU\network\13350 
035 |a RU\TPU\network\13346 
090 |a 648193 
100 |a 20160512d2016 k y0rusy50 ca 
101 0 |a rus 
102 |a RU 
135 |a drcn ---uucaa 
181 0 |a i  
182 0 |a b 
200 1 |a Композиционные материалы на основе дициклопентадиена и модифицированных однослойных углеродных нанотрубок  |f П. А. Хахулин, П. С. Постников 
203 |a Текст  |c электронный 
225 1 |a Аналитическая химия 
300 |a Заглавие с экрана 
320 |a [Библиогр.: 5 назв.] 
463 |t Ломоносов-2016  |o материалы XXIII Международной молодежной научной конференции студентов, аспирантов и молодых ученых, 11-15 апреля, 2016 г., Москва  |f Московский государственный университет им. М. В. Ломоносова (МГУ)  |v [1 с.]  |d 2016 
610 1 |a электронный ресурс 
610 1 |a труды учёных ТПУ 
610 1 |a полимерные композиты 
610 1 |a электропроводность 
610 1 |a углеродные нанотрубки 
610 1 |a нанокомпозитные материалы 
610 1 |a полимеризация 
700 1 |a Хахулин  |b П. А.  |c химик  |c инженер Томского политехнического университета  |f 1990-  |g Петр Александрович  |3 (RuTPU)RU\TPU\pers\34977 
701 1 |a Постников  |b П. С.  |c химик-органик  |c доцент Томского политехнического университета, кандидат химических наук  |f 1984-  |g Павел Сергеевич  |3 (RuTPU)RU\TPU\pers\27922  |9 12925 
712 0 2 |a Национальный исследовательский Томский политехнический университет (ТПУ)  |b Институт природных ресурсов (ИПР)  |b Кафедра технологии органических веществ и полимерных материалов (ТОВПМ)  |3 (RuTPU)RU\TPU\col\18659 
801 2 |a RU  |b 63413507  |c 20171019  |g RCR 
850 |a 63413507 
856 4 |u http://lomonosov-msu.ru/archive/Lomonosov_2016/data/8603/uid90134_3c842fcbccc486fd4c4fd90577a1252360bf57c2.doc 
942 |c CF